00660nam a22001097a 4500040000800000082002700008100004300035245040400078260002600482300002500508856001700533 cRUA aAGR OEU 2015 B513 Or.1 aOEUNG NARUN, អឿង ណារុន aEffect of different levels of 15.15.15 fertilizer on chilli pepper in royal university of agriculture condition, ឥទ្ធិពលកម្រិតជីកែង ១៥.១៥.១៥ ខុសគ្នាៗលើដំណាំម្ទេសដៃនាងដាំដុះក្នងលក្ខខណ្ឌសាកលវិទ្យាល័យភូមិន្ទកសិកម្ម aPhnom PenhbRUAc2015 axi; 48p.bill.c2015 u OEUNG NARUN